000
00212as aa2200097a 44500
090
_a
SERIADAS
_b
01266
245
1
0
_a
Calypso log
260
_b
Cousteau Society
_a
Estados Unidos
041
0
_a
Inglés
942
_c
REVISTA
999
_c
16789
_d
16789